Statistics for Countries by flag color

Click here to take the quiz!

General Stats

  • This quiz has been taken 66 times
  • The average score is 160 of 196

Answer Stats

CountryColor% Correct
AfghanistanBlack | White
100%
AlbaniaBlack | Red
98%
AngolaBlack | Red | Yellow
98%
Antigua and BarbudaBlue | Black | Red | White | Yellow
96%
AndorraBlue | Brown | Red | White | Yellow
96%
ArmeniaBlue | Orange | Red
96%
ArgentinaBlue | White | Yellow
96%
AlgeriaGreen | Red | White
96%
AzerbaijanBlue | Green | Red | White
94%
AustraliaBlue | Red | White
94%
AustriaRed | White
94%
BhutanBlack | Orange | White | Yellow
91%
BelgiumBlack | Red | Yellow
91%
BangladeshGreen | Red
91%
BelarusGreen | Red | White
91%
BelizeBlack | Blue | Brown | Gray | Red | White | Yellow
89%
BoliviaBlack | Blue | Brown | Green | Red | White | Yellow
89%
El SalvadorBlack | Blue | Green | Orange | Red | White | Yellow
89%
Dominican RepublicBlack | Blue | Green | Red | White | Yellow
89%
BotswanaBlack | Blue | White
89%
BarbadosBlack | Blue | Yellow
89%
BahamasBlack | Blue | Yellow
89%
CubaBlue | Red | White
89%
ChileBlue | Red | White
89%
Bosnia and HerzegovinaBlue | White | Yellow
89%
CyprusGreen | Orange | White
89%
BulgariaGreen | Red | White
89%
BeninGreen | Red | Yellow
89%
CanadaRed | White
89%
BahrainRed | White
89%
DenmarkRed | White
89%
ChinaRed | Yellow
89%
EcuadorBlack | Blue | Brown | Gray | Green | Red | Yellow
87%
FijiBlack | Blue | Brown | Green | Red | White | Yellow
87%
Costa RicaBlack | Blue | Brown | Green | Red | White | Yellow
87%
CambodiaBlack | Blue | Red | White
87%
CroatiaBlack | Blue | Red | White | Yellow
87%
EstoniaBlack | Blue | White
87%
DominicaBlack | Gray | Green | Purple | Red | White | Yellow
87%
EgyptBlack | Red | White | Yellow
87%
East TimorBlack | Red | White | Yellow
87%
BruneiBlack | Red | White | Yellow
87%
Central African RepublicBlue | Green | Red | White | Yellow
87%
ComorosBlue | Green | Red | White | Yellow
87%
BrazilBlue | Green | White | Yellow
87%
GabonBlue | Green | Yellow
87%
FranceBlue | Red | White
87%
CzechiaBlue | Red | White
87%
Democratic Republic of the CongoBlue | Red | White | Yellow
87%
ColombiaBlue | Red | Yellow
87%
ChadBlue | Red | Yellow
87%
FinlandBlue | White
87%
F.S. MicronesiaBlue | White
87%
CameroonGreen | Red | Yellow
87%
Burkina FasoGreen | Red | Yellow
87%
Equatorial GuineaBlack | Blue | Brown | Green | Red | White | Yellow
85%
EswatiniBlack | Blue | Red | White | Yellow
85%
DjiboutiBlue | Green | Red | White
85%
EritreaBlue | Green | Red | Yellow
85%
EthiopiaBlue | Green | Red | Yellow
85%
Cape VerdeBlue | Red | White | Yellow
85%
BurundiGreen | Red | White
85%
GhanaBlack | Green | Red | Yellow
83%
GermanyBlack | Red | Yellow
83%
GambiaBlue | Green | Red | White
83%
GreeceBlue | White
83%
GeorgiaRed | White
83%
GuatemalaBlack | Blue | Brown | Green | Red | White | Yellow
81%
GrenadaGreen | Red | Yellow
81%
JapanRed | White
81%
SpainBlack | Blue | Green | Pink | Red | White | Yellow
79%
HaitiBlack | Blue | Green | Red | White | Yellow
79%
South SudanBlack | Blue | Green | Red | White | Yellow
79%
South KoreaBlack | Blue | Red | White
79%
Vatican CityBlack | Gray | Red | White | Yellow
79%
Sri LankaBlack | Green | Orange | Red | Yellow
79%
IraqBlack | Green | Red | White
79%
JordanBlack | Green | Red | White
79%
KuwaitBlack | Green | Red | White
79%
JamaicaBlack | Green | Yellow
79%
IndiaBlue | Green | Orange | White
79%
LaosBlue | Red | White
79%
United KingdomBlue | Red | White
79%
IcelandBlue | Red | White
79%
United StatesBlue | Red | White
79%
NetherlandsBlue | Red | White
79%
NepalBlue | Red | White
79%
TaiwanBlue | Red | White
79%
TuvaluBlue | Red | White | Yellow
79%
IsraelBlue | White
79%
HondurasBlue | White
79%
UkraineBlue | Yellow
79%
KazakhstanBlue | Yellow
79%
IrelandGreen | Orange | White
79%
Ivory CoastGreen | Orange | White
79%
HungaryGreen | Red | White
79%
ItalyGreen | Red | White
79%
IranGreen | Red | White
79%
Saudi ArabiaGreen | White
79%
TurkeyRed | White
79%
SingaporeRed | White
79%
LatviaRed | White
79%
IndonesiaRed | White
79%
VietnamRed | Yellow
79%
KyrgyzstanRed | Yellow
79%
MexicoBlack | Blue | Brown | Green | Pink | Red | White | Yellow
77%
MoldovaBlack | Blue | Brown | Green | Red | Yellow
77%
San MarinoBlack | Blue | Brown | Green | White | Yellow
77%
South AfricaBlack | Blue | Green | Red | White | Yellow
77%
ParaguayBlack | Blue | Green | Red | White | Yellow
77%
PortugalBlack | Blue | Green | Red | White | Yellow
77%
LesothoBlack | Blue | Green | White
77%
TanzaniaBlack | Blue | Green | Yellow
77%
KiribatiBlack | Blue | Red | White | Yellow
77%
SerbiaBlack | Blue | Red | White | Yellow
77%
LiechtensteinBlack | Blue | Red | Yellow
77%
Saint LuciaBlack | Blue | White | Yellow
77%
MaltaBlack | Gray | Red | White
77%
UgandaBlack | Gray | Red | White | Yellow
77%
ZambiaBlack | Green | Orange | Red
77%
MalawiBlack | Green | Red
77%
United Arab EmiratesBlack | Green | Red | White
77%
UzbekistanBlack | Green | Red | White
77%
SudanBlack | Green | Red | White
77%
KenyaBlack | Green | Red | White
77%
SyriaBlack | Green | Red | White
77%
TurkmenistanBlack | Green | Red | White | Yellow
77%
Saint Kitts and NevisBlack | Green | Red | White | Yellow
77%
ZimbabweBlack | Green | Red | White | Yellow
77%
MozambiqueBlack | Green | Red | White | Yellow
77%
GuyanaBlack | Green | Red | White | Yellow
77%
VanuatuBlack | Green | Red | Yellow
77%
São Tomé and PríncipeBlack | Green | Red | Yellow
77%
Guinea BissauBlack | Green | Red | Yellow
77%
Trinidad and TobagoBlack | Red | White
77%
YemenBlack | Red | White
77%
Papua New GuineaBlack | Red | White | Yellow
77%
PeruBlue | Brown | Green | Red | White | Yellow
77%
UruguayBlue | Brown | White | Yellow
77%
MontenegroBlue | Gold | Green | Red
77%
NicaraguaBlue | Green | Orange | Purple | Red | White | Yellow
77%
NamibiaBlue | Green | Red | White | Yellow
77%
SeychellesBlue | Green | Red | White | Yellow
77%
Sierra LeoneBlue | Green | White
77%
Solomon IslandsBlue | Green | White | Yellow
77%
Saint Vincent and the GrenadinesBlue | Green | Yellow
77%
LuxembourgBlue | Red | White
77%
ThailandBlue | Red | White
77%
SlovakiaBlue | Red | White
77%
New ZealandBlue | Red | White
77%
NorwayBlue | Red | White
77%
SamoaBlue | Red | White
77%
PanamaBlue | Red | White
77%
RussiaBlue | Red | White
77%
North KoreaBlue | Red | White
77%
VenezuelaBlue | Red | White | Yellow
77%
PhilippinesBlue | Red | White | Yellow
77%
MalaysiaBlue | Red | White | Yellow
77%
SloveniaBlue | Red | White | Yellow
77%
MongoliaBlue | Red | Yellow
77%
RomaniaBlue | Red | Yellow
77%
SomaliaBlue | White
77%
Marshall IslandsBlue | White | Orange
77%
KosovoBlue | White | Yellow
77%
NauruBlue | White | Yellow
77%
SwedenBlue | Yellow
77%
NigerGreen | Orange | White
77%
MoroccoGreen | Red
77%
MaldivesGreen | Red | White
77%
OmanGreen | Red | White
77%
LebanonGreen | Red | White
77%
MadagascarGreen | Red | White
77%
SurinameGreen | Red | White | Yellow
77%
TajikistanGreen | Red | White | Yellow
77%
TogoGreen | Red | White | Yellow
77%
MyanmarGreen | Red | White | Yellow
77%
GuineaGreen | Red | Yellow
77%
LithuaniaGreen | Red | Yellow
77%
MaliGreen | Red | Yellow
77%
Republic of the CongoGreen | Red | Yellow
77%
SenegalGreen | Red | Yellow
77%
PakistanGreen | White
77%
NigeriaGreen | White
77%
PolandRed | White
77%
QatarRed | White
77%
TongaRed | White
77%
TunisiaRed | White
77%
SwitzerlandRed | White
77%
MonacoRed | White
77%
North MacedoniaRed | Yellow
77%
LibyaBlack | Green | Red | White
75%
MauritiusBlue | Green | Red | Yellow
75%
LiberiaBlue | Red | White
75%
PalauBlue | Yellow
75%
RwandaGreen | Blue | Yellow
75%
MauritaniaGreen | Red | Yellow
75%

Score Distribution

Percentile by Number Answered

Percent of People with Each Score

Your Score History

You have not taken this quiz